'T' Girl Names (1952) Quiz Stats

 Plays Quiz not verified by Sporcle

Challenge
Share
Tweet
Embed
Score 0/19 Timer 10:00
0 Plays Today
Rank Name % Correct
52.Teresa
95.2%
831.Tammy
91.9%
120.Terry
91%
238.Tina
90.3%
410.Tanya
89.2%
167.Toni
86.9%
358.Tamara
80.5%
494.Tracy
77.3%
755.Tara
76.5%
935.Trina
64.4%
Rank Name % Correct
209.Thelma
62.5%
281.Therese
59%
261.Trudy
58.4%
819.Theodora
49.3%
555.Tommie
46.1%
923.Thea
43.5%
892.Toby
30.7%
679.Twila
26.6%
736.Treva
11.9%

You're not logged in!

Compare scores with friends on all Sporcle quizzes.
OR
Log In

You Might Also Like...

Show Comments

Extras

Top Quizzes Today


Score Distribution

Your Account Isn't Verified!

In order to create a playlist on Sporcle, you need to verify the email address you used during registration. Go to your Sporcle Settings to finish the process.

Report this User

Report this user for behavior that violates our Community Guidelines.

Details: